[Event "Madrid"]
[Site "Madrid"]
[Date "1992.??.??"]
[Round "9"]
[White "Granda Zuniga, Julio E"]
[Black "Magem Badals, Jordi"]
[Result "0-1"]
[WhiteElo "2615"]
[BlackElo "2515"]
[Annotator "Anand,V"]
[PlyCount "66"]
[EventDate "1992.05.??"]
[EventType "tourn"]
[EventRounds "9"]
[EventCountry "ESP"]
[EventCategory "13"]
[SourceTitle "CBM 030"]
[Source "ChessBase"]
[SourceDate "1992.10.01"]
[SourceVersion "1"]
[SourceVersionDate "1992.10.01"]
[SourceQuality "1"]

1. Nf3 d5 2. c4 dxc4 3. e3 e6 4. Bxc4 Nf6 5. O-O c5 6. Qe2 a6 7. d4 b5 8. Bd3
$6 (8. Bb3 Bb7 9. Rd1 Nbd7) 8... cxd4 $1 9. Nxd4 Bb7 $10 10. Nd2 $6 (10. Rd1
Nbd7 11. a4) 10... Nbd7 11. N2b3 e5 {Now white's pieces are driven all over
the board} 12. Nf5 {a series of only moves for white follows} g6 13. Ng3 e4 14.
Bc2 h5 15. Rd1 h4 16. Nf1 h3 17. g3 Qc7 18. Nd4 Bc5 19. a4 b4 20. b3 Rc8 21.
Ra2 Nd5 22. Bb2 Nc3 $1 23. Bxc3 bxc3 24. Qc4 {what else?} Ne5 25. Qxc3 Bxd4 26.
Qxc7 Nf3+ 27. Kh1 Rxc7 28. exd4 e3 $1 (28... Nxd4 29. Rxd4 e3+ 30. Be4 $18) 29.
Nxe3 Nxd4+ 30. Kg1 Nf3+ 31. Kh1 Nd4+ 32. Kg1 Ne2+ 33. Kf1 Nc3 0-1

[Event "Csopak Rieszling-Cup"]
[Site "Csopak"]
[Date "1987.05.09"]
[Round "7"]
[White "Boensch, Uwe"]
[Black "Adamski, Jan"]
[Result "1-0"]
[WhiteElo "2530"]
[BlackElo "2420"]
[Annotator "Boensch,U"]
[PlyCount "55"]
[EventDate "1987.05.03"]
[EventType "swiss"]
[EventRounds "11"]
[EventCountry "HUN"]
[SourceTitle "EXT 2017"]
[Source "ChessBase"]
[SourceDate "2016.10.25"]
[SourceVersion "1"]
[SourceVersionDate "2016.10.25"]
[SourceQuality "1"]

{SCHACH 8/1987 Seiten 16-17} 1. d4 d5 2. c4 dxc4 3. Nf3 Nf6 4. e3 e6 5. Bxc4 c5
6. O-O a6 7. Qe2 ({Weiß hat neben dem Textzug noch die Möglichkeiten} 7. Nc3) (
7. dxc5) (7. e4) (7. Bb3) ({und} 7. a4 {Letzteren Zug wählte in Csopak Thomas
Paehtz zuvor gegen den gleichen Gegner, erreichte aber keinen Vorteil.}) 7...
b5 (7... Nc6 8. Nc3 b5 9. Bb3 cxd4 10. Rd1 d3 11. Rxd3 Qc7 12. e4 Be7 13. Nd5
$1 Qb7 14. Nxe7 Nxe7 15. e5 Ne4 16. Bc2 $16 {Ubilava,E-Dokhoian,Y/URS-ch sf
Sevastopol 1986}) 8. Bd3 cxd4 9. exd4 Be7 10. a4 bxa4 11. Rxa4 Bb7 12. Nc3 O-O
13. Rd1 a5 14. Bg5 Na6 $2 {[#]Bis zu diesem lehrreichen Fehler ist alles schon
dagewesen.} (14... Nc6 15. Bxf6 Bxf6 16. d5 exd5 17. Nxd5 g6 18. Rf4 Bg7 {
und Schwarz glich das Spiel aus; Donner,JH-Van den Berg,G/Beverwijk 1966 -1/346
}) 15. d5 $1 exd5 ({Nach} 15... Nxd5 {erhält Weiß durch} 16. Rg4 $1 {sehr
starken Angriff. Beispielsweise} Bxg5 17. Nxg5 g6 ({oder} 17... h6 18. Nh7 Re8
19. Nxd5 Bxd5 ({bzw.} 19... exd5 20. Qxe8+ $1 {mit Gewinn}) 20. Qe5) 18. Nxh7
Kxh7 19. Rxg6 fxg6 20. Qh5+ Kg7 21. Qxg6+ Kh8 22. Qh7#) 16. Nd4 {Der Springer
strebt nach f5, wo er eine äußerst aggressive Position bezieht.} Nb4 ({Bei} 
16... g6 17. Nf5 $1 gxf5 18. Rh4 {wird der weiße Angriff übermächtig.}) 17. Nf5
Re8 18. Bb5 Bc8 $5 {Ein interessanter Versuch, mittels Qualitätsopfer etwas
Gegenspiel zu bekommen.} 19. Nxg7 $1 ({Denn} 19. Bxe8 Bxf5 20. Re1 Ne4 21. Bxe7
Qxe7 22. Bb5 Qc5 {wäre nicht ganz klar.}) 19... Kxg7 $2 ({Zäheren Widerstand
ermöglichte} 19... Bg4 $1 20. Qe5 Kxg7 21. Bxf6+ Bxf6 22. Qg3 Re5 23. Qxg4+ Kh8
) 20. Bxe8 Bf5 21. Re1 {Dies stellt den materiellen Vorteil sicher. Es drohte
Bc2. Der kurze, aber spannende Kampf ist praktisch zu Ende.} Ne4 22. Bxe7 Qxe7
23. Bb5 Qc5 24. Ra3 Bg6 25. Nxe4 dxe4 26. Rc3 Qg5 $2 {Ein letzter Fehler} 27.
Rg3 Qc5 28. Qxe4 1-0

[Event "RUS-chT 21st"]
[Site "Loo"]
[Date "2014.04.09"]
[Round "3.4"]
[White "Dubov, Daniil"]
[Black "Kokarev, Dmitry"]
[Result "1-0"]
[WhiteElo "2619"]
[BlackElo "2621"]
[Annotator "CB"]
[PlyCount "49"]
[EventDate "2014.04.07"]
[EventType "team-swiss"]
[EventRounds "7"]
[EventCountry "RUS"]
[SourceTitle "CBM 160"]
[Source "ChessBase"]
[SourceDate "2014.05.15"]
[SourceVersion "1"]
[SourceVersionDate "2014.05.15"]
[SourceQuality "1"]
[WhiteTeam "Moscow Inheritance"]
[BlackTeam "Nizhniy Tagil Polytechnik"]
[WhiteTeamCountry "RUS"]
[BlackTeamCountry "RUS"]

1. d4 d5 2. c4 dxc4 3. Nf3 Nf6 4. e3 e6 5. Bxc4 c5 6. Qe2 (6. O-O a6 7. dxc5 {
wäre mit Damentausch verbunden, ein aktuelles Beispiel:} Qxd1 8. Rxd1 Bxc5 9.
Be2 Nbd7 10. Nd4 O-O 11. Nb3 Be7 12. N1d2 b6 13. Nc4 a5 14. Bf3 Ra7 15. Nd4 Rc7
16. b3 Ba6 17. Nc6 Bc5 18. N6e5 Nxe5 19. Nxe5 Bb7 20. Bxb7 Rxb7 21. Bb2 Nd5 22.
Nd3 Be7 23. Rac1 f6 24. a3 Kf7 25. e4 Nc7 26. Kf1 Na6 27. a4 Nc5 28. Nxc5 bxc5
29. Ba3 Rxb3 30. Bxc5 Bxc5 31. Rxc5 Rb4 32. Rxa5 Rxe4 33. Ra7+ Kg6 34. Rd3 Rb8
35. Rg3+ Kf5 36. Rf3+ Kg6 37. Rg3+ {1/2-1/2 (37) Vitiugov,N (2737)-Ivanchuk,V 
(2739) Caleta 2014}) 6... a6 7. dxc5 ({In der alten Hauptvariante nach} 7. O-O
b5 8. Bb3 Bb7 9. Rd1 Nbd7 10. Nc3 {hat zumindest statistisch Schwarz sogar die
Oberhand, z.B.:} Qb6 11. d5 Nxd5 12. Nxd5 exd5 13. Bxd5 Bxd5 14. Rxd5 Qb7 15.
e4 Be7 16. Bg5 Nb6 17. Rf5 O-O 18. e5 Rfe8 19. Bxe7 Rxe7 20. Qc2 Nd7 21. h4
Rae8 22. Rd1 g6 23. Rg5 Nxe5 24. Nxe5 Rxe5 25. Qc3 Qe4 26. Rxe5 Rxe5 27. g3 b4
28. Qd2 Kg7 29. b3 Qe2 30. Kg2 c4 31. bxc4 Qxc4 32. Qb2 Qc6+ 33. Kg1 Qc3 34.
Qd2 a5 35. Kg2 Qxd2 36. Rxd2 a4 37. Kf3 b3 38. axb3 axb3 39. Rb2 Rb5 40. Ke4
Kf6 41. Kd4 Kf5 42. f3 g5 43. h5 Rb7 44. Kd5 g4 45. f4 Rd7+ 46. Kc4 Ke4 {
0-1 (47) Hebden,M (2545)-Sadler,M (2645) Blackpool 2014}) 7... Bxc5 8. O-O Nc6
({Oder:} 8... b5 9. Bd3 Nc6 10. a3 O-O 11. b4 Bd6 12. Bb2 Bb7 13. Nbd2 Qe7 14.
Rac1 Rfd8 15. Rfd1 h6 16. h3 Rac8 17. Bb1 Nd7 18. Ne4 Bb8 19. Rxd7 Rxd7 20. Nc5
Nd8 21. Nxd7 Rxc1+ 22. Bxc1 Qxd7 23. Bb2 Qc7 24. Qd3 f5 25. Ba2 Be4 26. Qd2 Kh7
27. Be5 Qc8 28. Bxb8 Qxb8 29. Nd4 Qe5 30. Qc1 Bd5 31. Bxd5 Qxd5 32. Qc7 Nb7 33.
h4 Nd6 34. Qe7 f4 35. Nxe6 Nf5 36. Qf7 Qd1+ 37. Kh2 Qg4 38. Nf8+ Kh8 39. Ng6+
Kh7 40. Nf8+ Kh8 41. Qg6 Nxe3 42. Qh7# {1-0 (42) Rapport,R (2621)-Edouard,R 
(2686) Wijk aan Zee 2013}) 9. a3 ({Die Alternative ist} 9. e4 b5 10. Bb3 Nd4
11. Nxd4 Qxd4 12. Be3 Qe5 13. Bxc5 Qxc5 14. Nc3 Bb7 {z.B.:} 15. Rac1 Rc8 16.
Qd2 Qb4 17. Rfd1 O-O 18. f3 Rc7 19. Ne2 Qxd2 20. Rxd2 Rxc1+ 21. Nxc1 Rc8 22.
Rc2 Nd7 23. Nd3 Kf8 24. Kf2 Ke7 25. Rxc8 Bxc8 26. e5 f6 27. exf6+ gxf6 28. f4
a5 29. Ke3 h6 30. a3 Kd6 31. g4 e5 32. h4 exf4+ 33. Kxf4 Nc5 34. Bc2 Nxd3+ 35.
Bxd3 b4 36. axb4 axb4 37. Bf5 Bb7 38. Bc2 Bc8 39. Bf5 Bb7 {1/2-1/2 (39)
Radjabov,T (2624)-Kasparov,G (2847) Linares 2003}) 9... Bd6 (9... b5 10. Bd3
O-O {ist Zugumstellung zur obigen Variante.}) 10. Rd1 ({Oder} 10. Nbd2 O-O 11.
Bd3 b5 12. Rd1 {mit einer sehr alten Stammpartie:} Bb7 13. Nf1 Qc7 14. Bd2 Rfe8
15. Rac1 e5 16. e4 Nh5 17. Ne3 Nf4 18. Qf1 Rad8 19. Bb1 Qb8 20. g3 Ne6 21. Nf5
Bf8 22. Be3 Rxd1 23. Rxd1 Rd8 24. b4 Rxd1 25. Qxd1 Qd8 26. Qxd8 Nexd8 27. Nd2
a5 28. bxa5 Nxa5 29. Bb6 Nac6 30. Bd3 Bxa3 {1/2-1/2 (30) Ernst,W-Kieninger,G
Cologne 1940}) 10... Qc7 11. Nbd2 O-O 12. b4 b5 13. Bb3 ({Die Abweichung
gegenüber dem Vorgänger} 13. Bd3 Ne5 14. Bb2 Nxd3 15. Qxd3 Rd8 16. Qe2 Bb7
17. Rac1 Qe7 18. Nb3 Rac8 19. Na5 Rxc1 20. Rxc1 Rc8 21. Rxc8+ Bxc8 22. e4 Bc7
23. Qc2 Bxa5 24. Qxc8+ Qd8 25. Qc2 Bb6 26. h3 Qc7 27. Qd3 Qd8 28. Qc2 Qc7 29.
Qd3 Qd8 {1/2-1/2 (29) Khairullin,I (2649)-Lintchevski,D (2543) Taganrog 2011})
13... Bb7 14. Bb2 Rfd8 (14... Ne5 15. Rac1 Nxf3+ 16. Nxf3 Qe7 17. Ne5 Rac8 $11)
15. Rac1 ({Nach} 15. Bxf6 gxf6 16. Ne4 Be7 {spielt die Entwertung der
schwarzen Bauernstruktur kaum eine Rolle, während Weiß das Läuferpaar
eingebüßt hat.}) 15... Be7 16. Ng5 Rac8 ({Nach} 16... h6 17. Nge4 Nxe4 18.
Nxe4 {erhält Seiß Zugang zum Feld c5.}) 17. h4 $5 ({Zu einer tschnisch
schwierigen Position führt} 17. Nxe6 fxe6 18. Bxe6+ Kh8 19. Bxc8 Qxc8 20. Nb3
Qe6 21. Rxd8+ Nxd8 22. Nc5 Bxc5 23. Rxc5 $16) 17... Qb8 18. f4 {Mit der Idee
f4-f5 und Öffnung der Diagonalen a2-f7.} (18. Nxe6) 18... Qa7 19. f5 Nd5 20.
Nf1 Bxg5 {Erzwungen.} 21. hxg5 Nce7 22. Rxc8 Bxc8 23. f6 gxf6 24. gxf6 Ng6 25.
Qh5 (25. Qh5 Kh8 26. Bxd5 exd5 27. Rxd5 {mit der Idee} Rg8 28. Qxh7+ Kxh7 29.
Rh5#) 1-0

[Event "Olympiad-32"]
[Site "Yerevan"]
[Date "1996.09.27"]
[Round "11.3"]
[White "Astrom, Robert"]
[Black "Sadler, Matthew D"]
[Result "0-1"]
[WhiteElo "2425"]
[BlackElo "2615"]
[Annotator "Chekhov,V"]
[PlyCount "68"]
[EventDate "1996.09.15"]
[EventType "team-swiss"]
[EventRounds "14"]
[EventCountry "ARM"]
[SourceTitle "CBM 055"]
[Source "ChessBase"]
[SourceDate "1996.12.01"]
[SourceVersion "1"]
[SourceVersionDate "1996.12.01"]
[SourceQuality "1"]
[WhiteTeam "Sweden"]
[BlackTeam "England"]
[WhiteTeamCountry "SWE"]
[BlackTeamCountry "ENG"]

1. d4 d5 2. c4 dxc4 3. Nf3 a6 4. e3 Nf6 5. Bxc4 e6 6. Qe2 c5 7. dxc5 Bxc5 8.
O-O Nc6 9. Nbd2 O-O 10. Bd3 (10. a3 $5 b5 11. Bd3 Bd6 12. Ne4 Nxe4 13. Bxe4 Bb7
14. Rd1 Qe7 15. b4 f5 16. Bxc6 Bxc6 17. Bb2 Bd5 18. Ne5 Rac8 $10 {Polgar,
Z-Anand,V/Monaco/1993/0,5/31/}) (10. e4 $5 Qc7 11. Nb3 Bd6 12. Bg5 Nd7 13. Rac1
$14 {Korchnoi,V-Lautier,J/Paris/1995/0|1/38/}) 10... Be7 (10... Qe7 $5 11. b3
Bd7 12. a3 h6 13. Bb2 Rfd8 14. Rfc1 Ba7 15. b4 Rac8 16. Nc4 $36 {Wojtkiewicz,
A-Jonkman,H/Soest/1996/1|0/36/}) (10... Ba7 11. b3 b5 12. Ba3 b4 13. Bb2 Bb7
14. Ng5 h6 15. Nge4 Nxe4 16. Bxe4 f5 17. Bf3 Qe7 18. Rac1 $16 {Marin,M-Varga,Z/
ROM/1995/1|0/56/}) 11. b3 Nb4 $5 (11... b5 $5) 12. Bb1 b5 13. Bb2 Bb7 14. Rd1
Rc8 15. a3 (15. Ne4 Nbd5 $22 16. Nxf6+ Bxf6 17. e4 Bxb2 18. Qxb2 Qf6 $15) 15...
Nbd5 16. Ne4 Qc7 17. Be5 Qb6 18. Bd4 Qc7 19. Be5 Qb6 20. Qb2 $6 (20. Bd4 Qc7
21. Be5 $10) 20... Nxe3 $1 21. fxe3 (21. Nxf6+ gxf6 $6 (21... Bxf6 $1 22. fxe3
(22. Bxf6 Nxd1 23. Qd2 gxf6 $19) 22... Qxe3+ 23. Qf2 Qxf2+ 24. Kxf2 Bxf3 25.
Kxf3 (25. Bxf6 Bxd1 $19) 25... Bxe5 $19) 22. fxe3 (22. Bd4 $1 Nxd1 23. Qd2 Rfd8
24. Qh6 $18) 22... Qxe3+ 23. Kh1 fxe5 $19) 21... Nxe4 22. Bxg7 Rfd8 (22...
Qxe3+ 23. Kf1 Rfd8 24. Re1 Qf4 $17) 23. Bd3 f6 (23... Qxe3+ 24. Kf1 Rxd3 $19)
24. Bh6 (24. Bxe4 Rxd1+ 25. Rxd1 Qxe3+ 26. Kh1 Bxe4 27. Bxf6 Bxf3 28. Bxe7 Bxd1
$19) 24... Qc5 25. h3 Qh5 26. Bf4 e5 27. Bh2 Nc3 28. Bc4+ bxc4 29. Qxc3 Rxd1+
30. Rxd1 Bxf3 $19 31. gxf3 Qxf3 32. Rf1 Qxh3 33. Bxe5 (33. bxc4 Kh8 $19) 33...
Qg4+ 34. Kf2 fxe5 0-1

[Event "Candidates Tournament Montpellier"]
[Site "Montpellier"]
[Date "1985.10.??"]
[Round "3"]
[White "Nogueiras Santiago, Jesus"]
[Black "Seirawan, Yasser"]
[Result "1/2-1/2"]
[WhiteElo "2555"]
[BlackElo "2570"]
[Annotator "ChessBase"]
[PlyCount "66"]
[EventDate "1985.10.13"]
[EventType "tourn"]
[EventRounds "15"]
[EventCountry "FRA"]
[EventCategory "14"]
[SourceTitle "Candidates"]
[Source "ChessBase"]
[SourceDate "1999.07.01"]
[SourceVersion "2"]
[SourceVersionDate "1999.07.01"]
[SourceQuality "1"]

1. d4 d5 2. c4 dxc4 3. Nf3 c5 4. e3 Nf6 5. Bxc4 e6 6. Qe2 a6 7. dxc5 Bxc5 8.
O-O Nc6 9. e4 Qc7 10. e5 Ng4 11. Bf4 f6 12. Nbd2 Ngxe5 13. Nxe5 fxe5 14. Bg3 (
14. Be3 $5 Nd4 15. Qh5+ g6 16. Qh3 $14) 14... O-O 15. Rac1 (15. Rad1 $5) 15...
Qe7 16. Bd3 Bd7 17. Nf3 Bd4 18. Nxe5 Nxe5 19. Bxe5 Bxe5 20. Qxe5 Bc6 21. Rce1
Rae8 22. Re3 Qf6 23. Qxf6 gxf6 24. Bc4 Bd5 25. Bxd5 exd5 26. Rd1 Rxe3 27. fxe3
Rc8 28. Rxd5 Rc1+ 29. Kf2 Rc2+ 30. Kf3 Rxb2 31. Rd7 b5 32. a4 bxa4 33. Rd6 Kf7
1/2-1/2

[Event "NED-ch52"]
[Site "Rotterdam"]
[Date "1997.06.21"]
[Round "1"]
[White "Sokolov, Ivan"]
[Black "Cifuentes Parada, Roberto"]
[Result "1/2-1/2"]
[WhiteElo "2615"]
[BlackElo "2515"]
[Annotator "Cifuentes Parada,L"]
[PlyCount "83"]
[EventDate "1997.06.21"]
[EventType "tourn"]
[EventRounds "11"]
[EventCountry "NED"]
[EventCategory "12"]
[SourceTitle "CBM 060"]
[Source "ChessBase"]
[SourceDate "1997.09.29"]
[SourceVersion "1"]
[SourceVersionDate "1997.09.29"]
[SourceQuality "1"]

1. d4 d5 2. c4 dxc4 3. Nf3 Nf6 4. e3 e6 5. Bxc4 c5 6. O-O a6 7. Qe2 Nc6 8. Nc3
b5 (8... cxd4 $5 9. Rd1 b5 10. Bb3 Na5 11. Bc2 Bb7 12. exd4 Be7 13. Ne5 Rc8 14.
Bg5 O-O 15. Rd3 Nc4 $1 16. Rg3 Qxd4 17. Bh6 Nxe5 18. Rxg7+ Kh8 19. Rd1 Qc5 20.
Rd5 Bxd5 21. Qxe5 Be4 $1 {0-1, Illescas,M-Anand,V/ León (m/2) 1997}) 9. Bd3 $5
cxd4 10. exd4 Be7 (10... Nxd4 11. Nxd4 Qxd4 12. Qf3 Qa7 13. Be3 Qb7 14. Ne4 $44
) 11. a4 (11. Rd1 Nb4 12. Bb1 Bb7 (12... O-O 13. Ne4 Bb7 14. Nc5 Bd5 15. Ne5
Qc7 16. Bg5 Rfc8 17. Bxf6 Bxf6 18. Ned7 Be7 19. a3 Bxc5 20. Nxc5 Nc6 21. Ne4
Na5 22. Qh5 f5 23. Nc3 Bb3 24. Re1 Qd6 25. d5 Bxd5 26. Nxd5 Qxd5 27. Ba2 Nc4
28. Rad1 Qc6 29. Qe2 Re8 30. Rc1 Qb7 31. Bxc4 bxc4 32. Rxc4 Rac8 33. Rxc8 Qxc8
34. h3 Qc6 35. Rd1 {1/2-1/2 Michell,R-Flohr,S/Hastings3233 1932}) 13. Ne5 Rc8
14. Bg5 O-O 15. a3 Nbd5 16. Rd3 (16. Qd3 $6 Nxc3 17. bxc3 (17. Bxf6 Nxb1 18.
Bxe7 Qxe7 19. Raxb1 Rfd8 $17) 17... Be4 18. Qh3 Bxb1 19. Raxb1 Nd5 20. Bxe7
Qxe7 $17) 16... Nxc3 $5 17. bxc3 Nd5 18. Bd2 (18. Rh3 $2 Bxg5 19. Bxh7+ Kh8 $19
) (18. Bxe7 Qxe7 19. Qd2 Rc7 $15) 18... g6 (18... Bg5 $15) 19. Rh3 (19. Bh6 Bg5
(19... Nxc3 20. Qe1 Qd5 21. Nf3) 20. Bxf8 Nf4 21. Qd1 Nxd3 22. Qxd3 Kxf8 23. a4
Qd5 24. Nf3 Bf6 $15) 19... Bg5 20. Be4 Rc7 21. Rf1 Bxd2 22. Qxd2 f6 23. Nd3 Qd6
(23... Nxc3 $2 24. Bxb7) (23... Rxc3 24. Bxd5 Qxd5 25. Nf4 $18) 24. Rg3 (24.
Nc5 $5 Ba8 25. f4 $13) 24... f5 $5 (24... Qxa3 $6 25. Nc5 Rxc5 $8 26. dxc5 Qxc5
27. Qh6 $40) 25. Bxd5 (25. Bf3 Qxa3 $5 26. Nc5 Rxc5 27. dxc5 Qxc5 $44) 25...
Bxd5 26. Ne5 (26. Nc5 Bxg2 $1 27. Kxg2 Rxc5 $19) 26... f4 $5 (26... Rfc8 27. h4
$1) 27. Rg4 f3 (27... Qxa3 28. Rxf4 Qxc3 29. Rxf8+ Kxf8 30. Qf4+ Kg8 31. Ng4
$36) 28. gxf3 (28. g3 Qxa3 29. Rf4 Rfc8 $19) 28... Qxa3 $19 {0-1 Giorgadze,
T-Kupreichik,V/Erevan zt 1982 (40)} (28... Bxf3 29. Rg3 (29. Nxf3 $2 Rxf3 30.
Rg3 Rcxc3 31. Qxc3 Qxg3+ 32. hxg3 Rxc3 $19) 29... Bb7 30. Qb2 Qd5 31. f3 Rfc8
$15)) (11. Bg5 Nxd4 12. Nxd4 Qxd4 13. Rfd1 Qg4 14. Nxb5 Qxg5 15. Nc7+ Kf8 16.
Nxa8 Bb7 17. Qf1 Bxa8 18. Bxa6 g6 19. b4 Qf4 20. Qc4 Ne4 21. Qc2 Ng5 22. Be2
Bf6 23. Rac1 Be5 24. Qc5+ Kg7 25. f3 Qxh2+ 26. Kf1 Qf4 27. Rc4 Ne4 28. Ke1 Qg3+
29. Kf1 Nxc5 30. bxc5 Bf4 31. Rd3 Rb8 {0-1 Zsinka,L-Skomorokhin,R/HUN-chop
Gyor 1990}) 11... bxa4 (11... b4 $6 12. Ne4 Nxd4 13. Nxd4 Qxd4 14. Be3 Qd5 15.
Nxf6+ Bxf6 16. Rfd1 $44) 12. Rxa4 (12. Nxa4 $5) 12... Nb4 13. Bb1 (13. Bc4 O-O
14. Bg5 a5 15. Rd1 Bd7 16. Bb5 Nfd5 17. Bxe7 Nxe7 18. Ne5 Bxb5 19. Qxb5 Qc7 20.
Nc4 Ned5 21. Nxd5 Nxd5 22. Rda1 Rfc8 23. g3 Rab8 24. Qa6 Nb4 25. Rxb4 axb4 26.
b3 Rd8 27. Ne5 Qb6 28. Nc6 Qxa6 29. Rxa6 Ra8 30. Rb6 Rd7 31. Rxb4 g6 32. Rb6
Kg7 33. Kg2 Ra2 34. Kf3 Rd6 35. b4 Rd2 36. Ke3 R2xd4 37. Rb7 Rd3+ 38. Ke2 Rd7
39. Rb8 Rd2+ 40. Ke1 Rb2 41. b5 Rdd2 {0-1 Marinelli,T-Garcia Palermo,C/Forli
op 1989}) 13... Bb7 14. Bg5 a5 15. Rd1 O-O 16. Ne5 Nfd5 17. Bd2 f5 $1 $11 18.
Ra1 Re8 19. Nd3 Bd6 20. Nxd5 Bxd5 21. Nf4 Bb3 $1 22. Rc1 Qb6 23. Rc3 Nd5 24.
Nxd5 Bxd5 $15 25. Be3 Rab8 26. Rc2 f4 (26... Rec8 27. Rxc8+ Rxc8 28. Ba2) 27.
Bd2 Qxd4 $6 (27... f3 $1 28. gxf3 (28. Qd3 fxg2 29. Bxa5 (29. Rc6 Qxc6 30.
Qxh7+ Kf7 31. Bg6+ Ke7 32. Qxg7+ Kd8 33. Bxa5+ Kc8 34. Bxe8 Qxe8 35. Rc1+ Bc6
36. Qxg2 Kb7 37. Qg7+ Qe7 $19) 29... Qb5 $19) 28... Qxd4 29. Rxa5 (29. Ba2 Rxb2
30. Bxd5 Rxc2 $19) 29... Qh4 30. f4 Qh3 31. f3 Bxf3 32. Qf2 Be4 33. Rc1 Bd5 34.
Ba2 Rxb2 35. Bxd5 exd5 36. Rxd5 Bb4 $17) 28. Bc3 $1 Qe4 29. Qxe4 (29. Qg4 Qg6
30. Qxg6 hxg6 31. Rxa5 Rec8 $15) 29... Bxe4 30. Rd2 Bd5 31. Rxa5 Rec8 32. Rd1
$1 (32. Ba2 $4 Bxa2 33. Rxa2 Rxc3 $19) 32... Bb4 33. Bxb4 Rxb4 34. Ba2 $8 Bxa2
(34... Rd4 $5 35. Rb1 Rc2 36. Bxd5 exd5 37. g3 fxg3 38. hxg3 Rdd2 $17) 35. Rxa2
Rc7 $2 $138 (35... Rc2 $1 36. Rb1 Kf7 37. g3 $15) 36. h4 Kf7 37. Rd2 Kf6 38. f3
Rc1+ 39. Kh2 Rc7 40. Ra6 Rcb7 41. Re2 R7b6 42. Rxb6 1/2-1/2